logo

Bir Sreshtho Munshi Abdur Rouf Library
Jhenaidah Cadet College

বাংলা ও বাঙালির ইতিহাস / (Record no. 11622)

MARC details
000 -LEADER
fixed length control field 00816nam a2200241 a 4500
001 - CONTROL NUMBER
JCCL Control Number 11622
003 - CONTROL NUMBER IDENTIFIER
JCCL marc code BD-JhCC
005 - DATE AND TIME OF LATEST TRANSACTION
control field 20200709090527.0
008 - FIXED-LENGTH DATA ELEMENTS--GENERAL INFORMATION
fixed length control field 200709b2012 bg |||| ||a| 000 0 ben d
020 ## - INTERNATIONAL STANDARD BOOK NUMBER
International Standard Book Number 9840750186
035 ## - SYSTEM CONTROL NUMBER
system control number (BD-JhCC)11622
040 ## - CATALOGING SOURCE
Original cataloging agency BD-JhCC
Modifying agency BD-JhCC
041 ## - LANGUAGE CODE
Language code of Book ben
082 ## - DEWEY DECIMAL CLASSIFICATION NUMBER
Classification number 954.9205
Author mark and Year BAN 2012
245 ## - TITLE STATEMENT
Title বাংলা ও বাঙালির ইতিহাস /
Statement of responsibility, etc সম্পা: অজয় রায়, শামসুজ্জামান খান
260 ## - PUBLICATION, DISTRIBUTION, ETC. (IMPRINT)
Place of publication, distribution, etc ঢাকা:
Name of publisher, distributor, etc বাংলা একাডেমী;
Date of publication, distribution, etc ২০১২.
300 ## - PHYSICAL DESCRIPTION
Pagination 480 p. :
Dimensions 22 cm.
650 ## - SUBJECT ADDED ENTRY--TOPICAL TERM
Topical term or geographic name as entry element Bangladesh
Geographic subdivision History of Liberation
700 ## - ADDED ENTRY--PERSONAL NAME
Personal name রায়,অজয়
700 ## - ADDED ENTRY--PERSONAL NAME
Personal name খান, শামসুজ্জামান
942 ## - ADDED ENTRY ELEMENTS (KOHA)
Source of classification or shelving scheme Dewey Decimal Classification
Koha item type Books
Holdings
Source of classification or shelving scheme volume number Damaged status Not for loan Home library Current library Shelving location Date of accession Cost, normal purchase price Total Checkouts Full call number Barcode Date last seen Copy number Koha item type Method of acquisition Currency
Dewey Decimal Classification V-2     JCC Rouf Library JCC Rouf Library General Stacks 07/09/2020 300.00   954.9205 BAN 2012 15798 07/09/2020 C-1 Books    
Dewey Decimal Classification V-3     JCC Rouf Library JCC Rouf Library General Stacks 07/09/2020 300.00   954.9205 BAN 2012 15799 07/09/2020 C-1 Books    
Dewey Decimal Classification V-4     JCC Rouf Library JCC Rouf Library General Stacks   400.00   954.9205 BAN 2012 19013 03/22/2024 C-1 Books Purchase BDT
Dewey Decimal Classification V-4     JCC Rouf Library JCC Rouf Library General Stacks   400.00   954.9205 BAN 2012 19014 03/22/2024 C-2 Books Purchase BDT
Dewey Decimal Classification V-4     JCC Rouf Library JCC Rouf Library General Stacks   400.00   954.9205 BAN 2012 19015 03/22/2024 C-3 Books Purchase BDT
Dewey Decimal Classification V-4     JCC Rouf Library JCC Rouf Library General Stacks   400.00   954.9205 BAN 2012 19016 03/22/2024 C-4 Books Purchase BDT

JCC Library | Contacts | JCC Home

Last Update on 23 September 2017
Copyright @ 2017-2020 JCC Rouf Library
Rouf Library, Jhenidah Cadet College (JCC), Bangladesh